Soils and soil fertility
Saved in:
| Main Authors: | , |
|---|---|
| Format: | Bog |
| Sprog: | engelsk |
| Udgivet: |
Oxford
Blackwell Publishing
2005
|
| Udgivelse: | 6a. ed |
| Fag: | |
| Tags: |
Tilføj Tag
Ingen Tags, Vær først til at tagge denne postø!
|
MARC
| LEADER | 00000cam a2200000 a 4500 | ||
|---|---|---|---|
| 001 | UCE1092 | ||
| 003 | CL-VaPUC | ||
| 008 | 140324e20050000uk |||||||||||||||||eng|d | ||
| 020 | |a 081380955X | ||
| 082 | 0 | 4 | |a 631.4 |b TRO |2 21 |
| 100 | 0 | |a Troeh, Frederick R |e author |9 573482 | |
| 700 | 0 | |a Thompson, Louis M |e author |9 573483 | |
| 245 | 1 | 0 | |a Soils and soil fertility |
| 250 | |a 6a. ed | ||
| 300 | |a 489 p | ||
| 942 | |c BK | ||
| 945 | |d 20140324 12:18:00 |a dcastane | ||
| 260 | |a Oxford |b Blackwell Publishing |c 2005 | ||
| 650 | 7 | |a EDAFOLOGIA |2 CL-VaPUC |9 573484 | |
| 650 | 7 | |a TIPOS DE SUELOS |2 CL-VaPUC |9 473612 | |
| 650 | 0 | |a Suelos |9 260322 | |
| 650 | 0 | |a Fertilización |9 259681 | |
| 583 | |a last modification |c 20140324 12:18:00 |k Rodrigo Vera | ||
| 999 | |c 355026 |d 355024 | ||
| 952 | |0 0 |1 0 |3 erd |4 0 |6 631_400000000000000_TRO_2005 |7 0 |8 A |9 461351 |a BIBAGR |b BIBAGR |i 5063221 |o 631.4 TRO 2005 |p 5063221 |r 2025-01-20 |w 2019-11-23 |y BK |z Catalogado en:20140324 |k AGR | ||